| 000 | 01614nam a2200217 4500 | ||
|---|---|---|---|
| 005 | 20251210123456.0 | ||
| 010 | _aB-772549-560 HIN-130626 25BACHN25 | ||
| 020 |
_a9789360454906 _c499.00 |
||
| 035 | _aB-772549-560 | ||
| 035 | _aHN-102972 | ||
| 037 | _bएल.जी.पी.डी. | ||
| 037 | _bपुस्तक प्रदान अधिनियम प्रभाग | ||
| 082 | _a 324.20954 | ||
| 100 |
_aत्रिवेदी, विजय _986017 |
||
| 245 |
_aसंघम् शरणम् गच्छामिः _bआरएसएस के सौ वर्षों का एक ईमानदार दस्तावेज / _cविजय त्रिवेदी |
||
| 260 |
_aचैन्नई _bवैस्टलैंड बुक्स _c2024 |
||
| 270 |
_aन. 269/2 बी, प्रथम तल ईराइ अरूल विमलराज स्ट्रीट, नेताजी नगर, अलजक्कम मैन रोड,मदुरॉयेल _bचैन्नई _e600095 |
||
| 300 |
_a328पृ. _c24सेमी(सजिल्द) |
||
| 942 |
_2ddc _cHN _mत्रिवेदी _h 324.20954 |
||
| 999 |
_c209963 _d209963 |
||